LEADER 00998nam0-2200349li-450 001 990000250780203316 005 20180312154717.0 035 $a0025078 035 $aUSA010025078 035 $a(ALEPH)000025078USA01 035 $a0025078 100 $a20001109d1972----km-y0itay0103----ba 101 0 $aeng 102 $aGB 200 1 $aError-correcting codes$fW. Wesley Peterson, E. J. Weldon 210 $aCambridge$cM.I.T. Press$d1972 215 $aXI, 560 p.$cill.$d23 cm 610 1 $adebugging 676 $a001642$9. 700 1$aPeterson,$bW. Wesley$026413 702 1$aWeldon,$bE. J. 801 $aSistema bibliotecario di Ateneo dell' Università di Salerno$gRICA 912 $a990000250780203316 951 $a001.642 4 PET (A)$b0004088 959 $aBK 969 $aSCI 979 $c19900226 979 $c20001110$lUSA01$h1715 979 $c20020403$lUSA01$h1633 979 $aPATRY$b90$c20040406$lUSA01$h1618 996 $aError-correcting codes$9380344 997 $aUNISA LEADER 02220nam0 22004933i 450 001 VAN0249509 005 20230531093001.555 017 70$2N$a9783030359874 100 $a20220901d2020 |0itac50 ba 101 $aeng 102 $aCH 105 $a|||| ||||| 200 1 $aModeling with Nonsmooth Dynamics$fMike R. Jeffrey 210 $aCham$cSpringer$d2020 215 $aviii, 104 p.$cill.$d24 cm 410 1$1001VAN0113529$12001 $aFrontiers in applied dynamical systems: reviews and tutorials$1210 $aBerlin [etc.]$cSpringer$v7 500 1$3VAN0249510$aModeling with Nonsmooth Dynamics$92301696 606 $a37-XX$xDynamical systems and ergodic theory [MSC 2020]$3VANC020363$2MF 606 $a34-XX$xOrdinary differential equations [MSC 2020]$3VANC021251$2MF 606 $a49J52$xNonsmooth analysis [MSC 2020]$3VANC022711$2MF 606 $a26A27$xNondifferentiability (nondifferentiable functions, points of nondifferentiability), discontinuous derivatives [MSC 2020]$3VANC024632$2MF 606 $a34A36$xDiscontinuous ordinary differential equations [MSC 2020]$3VANC028275$2MF 606 $a34K39$xDiscontinuous functional-differential equations [MSC 2020]$3VANC037127$2MF 610 $aBifurcation$9KW:K 610 $aDecision$9KW:K 610 $aDeterminacy$9KW:K 610 $aDiscontinuity$9KW:K 610 $aDiscontinuous$9KW:K 610 $aDynamics$9KW:K 610 $aIndeterminacy$9KW:K 610 $aModeling$9KW:K 610 $aSingularity$9KW:K 610 $aSwitch$9KW:K 620 $aCH$dCham$3VANL001889 700 1$aJeffrey$bMike R.$3VANV096194$0768265 712 $aSpringer $3VANV108073$4650 801 $aIT$bSOL$c20240614$gRICA 856 4 $uhttp://doi.org/10.1007/978-3-030-35987-4$zE-book ? Accesso al full-text attraverso riconoscimento IP di Ateneo, proxy e/o Shibboleth 899 $aBIBLIOTECA DEL DIPARTIMENTO DI MATEMATICA E FISICA$1IT-CE0120$2VAN08 912 $fN 912 $aVAN0249509 950 $aBIBLIOTECA DEL DIPARTIMENTO DI MATEMATICA E FISICA$d08CONS e-book 4755 $e08eMF4755 20220901 996 $aModeling with Nonsmooth Dynamics$92301696 997 $aUNICAMPANIA